000 00544nam a2200181 4500
001 114229
003 ES-MaACL
005 20230906190115.0
007 t|
008 061121s1987 fr r ||||1| fre d
020 _a2-01-010906-6
245 0 0 _aNouvelle histoire des idées politiques /
_csous la direction de Pascual Ory ; postface de René Rémond.
260 _aParis :
_bHacerre,
_c1987.
300 _a643 p. ;
_c26 cm.
700 0 _aRémond, René.
_996147
700 1 _aOry, Pascual.
_987708
852 _aES-MaACL
_jL-11854
_bR.114386
999 _c114229
_d114229